An introduction to the New Testament and the origins of Christianity

This book offers an authoritative and accessible introduction to the New Testament and early Christian literature for all students of the Bible and anyone interested in the origins of Christianity. It is designed primarily for undergraduate courses in the New Testament, biblical studies and early Ch...

Szczegółowa specyfikacja

Zapisane w:
Opis bibliograficzny
1. autor: Burkett, Delbert Royce.
Format: Książka
Język:Undetermined
Wydane: Cambridge, UK Cambridge University Press 2002
Hasła przedmiotowe:
Etykiety: Dodaj etykietę
Nie ma etykietki, Dołącz pierwszą etykiete!
Thư viện lưu trữ: Trung tâm Học liệu Trường Đại học Cần Thơ
LEADER 01250nam a2200217Ia 4500
001 CTU_166661
008 210402s9999 xx 000 0 und d
020 |c 43.05 
082 |a 225.61 
082 |b B959 
100 |a Burkett, Delbert Royce. 
245 3 |a An introduction to the New Testament and the origins of Christianity 
245 0 |c Delbert Burkett 
260 |a Cambridge, UK 
260 |b Cambridge University Press 
260 |c 2002 
520 |a This book offers an authoritative and accessible introduction to the New Testament and early Christian literature for all students of the Bible and anyone interested in the origins of Christianity. It is designed primarily for undergraduate courses in the New Testament, biblical studies and early Christianity. There are questions for in-class discussion and written assignment, step-by-step reading guides on individual works, special box features, charts, maps and numerous illustrations designed to facilitate student use. With this textbook and the Bible, the student should therefore have all the necessary basic texts. 
650 |a Christianity,Kitô giáo 
650 |x Origin,Nguồn gốc 
904 |i QHieu 
980 |a Trung tâm Học liệu Trường Đại học Cần Thơ